000 00772nam a2200253Ia 4500
003 OSt
005 20220926015024.0
006 a|||||r|||| 00| 0
007 ta
008 220923b |||||||| |||| 00| 0 eng d
020 _a1565846206
_c1311.60
037 _b77408, 11/03/2005, IBD
_cGeneral Book
040 _aRTL
_cRTL
_beng
041 _2eng
_aeng
082 _aEb4, P0
100 _aOakley Ann
_9251770
245 0 _aExperiments in knowing
_b Gender and method in the social sciences
260 _aNew York
_bNew Press
_c2000
300 _aviii,402p
_ccm.
500 _aBibliography P 343-384
650 _aSocial Science Research
_9309243
942 _hEb4, P0
_cGB
_2CC
999 _c630399
_d630399